| 000 | 00599nam a2200217 a 4500 | ||
|---|---|---|---|
| 005 | 20260327064208.0 | ||
| 008 | 120425s2007 es r 000 0 spa d | ||
| 020 | _a9788481317121 | ||
| 035 | _aUPN01000184223 | ||
| 049 | _aI | ||
| 050 | 4 |
_aPZ76.3 _bG5.3 |
|
| 100 | 1 |
_aGiménez, Teresa _932268 |
|
| 245 | 1 | 0 |
_aA Popus no le gusta / _cTeresa Giménez. |
| 260 |
_aValencia, Esp. : _bTàndem, _c2007. |
||
| 300 |
_a[28] p. : _bil. |
||
| 440 | 0 | _aPopus | |
| 650 | 4 |
_aCuentos infantiles españoles _97725 |
|
| 650 | 4 |
_aGatos _vCuentos y leyendas _911010 |
|
| 905 | _aInfantil | ||
| 999 |
_c156326 _d156326 |
||